Biggest Industry in Each State - Statistics

General Stats
  • This quiz has been taken 45 times
  • The average score is 27 of 50
Answers on the Map
Answers color-coded by a green-red scale on the quiz's map according to % correct below.
 
Answer Stats
State % Correct
Alabama - Manufacturing
77%
Arkansas - Manufacturing
77%
Illinois - Manufacturing
77%
Indiana - Manufacturing
77%
Iowa - Manufacturing
77%
Kansas - Manufacturing
77%
Kentucky - Manufacturing
77%
Louisiana - Manufacturing
77%
Michigan - Manufacturing
77%
Minnesota - Manufacturing
77%
Mississippi - Manufacturing
77%
Missouri - Manufacturing
77%
Nebraska - Manufacturing
77%
North Carolina - Manufacturing
77%
Ohio - Manufacturing
77%
Oregon - Manufacturing
77%
Pennsylvania - Manufacturing
77%
South Carolina - Manufacturing
77%
Tennessee - Manufacturing
77%
Texas - Manufacturing
77%
Utah - Manufacturing
77%
Wisconsin - Manufacturing
77%
Connecticut - Finance
63%
Delaware - Finance
63%
New York - Finance
63%
South Dakota - Finance
63%
Oklahoma - Mining
57%
West Virginia - Mining
57%
Alaska - Mining
53%
New Mexico - Mining
53%
North Dakota - Mining
53%
Wyoming - Mining
53%
Arizona - Real Estate
27%
Colorado - Real Estate
27%
Florida - Real Estate
27%
Georgia - Real Estate
27%
Hawaii - Real Estate
27%
Idaho - Real Estate
27%
Maine - Real Estate
27%
Maryland - Real Estate
27%
Montana - Real Estate
27%
Nevada - Real Estate
27%
New Hampshire - Real Estate
27%
New Jersey - Real Estate
27%
Rhode Island - Real Estate
27%
Vermont - Real Estate
27%
California - Information
20%
Washington - Information
20%
Massachusetts - Science
7%
Virginia - Science
7%
No matching quizzes found
Score Distribution
Percent of People with Each Score
Percentile by Number Answered
Your Score History
You have not taken this quiz